[Event "loinburger"]
[Site "http://www.queenalice.com/game.php?id=211621"]
[Date "2007.5.16"]
[Round "3"]
[White "punkbass"]
[Black "Ginormous"]
[Result "1-0"]
[WhiteElo "1533"]
[BlackElo "1399"]

1. d4 d5 2. c4 Nf6 3. Bg5 h6 4. Bh4 dxc4 5. Nc3 g5 6. Bg3 Bf5 7. Be5 Nc6 8. e4
Bg6 9. Qa4 Qd7 10. Bxc4 e6 11. Bxf6 Rh7 12. Nf3 Be7 13. Bxe7 Qxe7 14. d5 exd5
15. Bxd5 Qd6 16. Rd1 O-O-O 17. Nd4 Nb4 18. Bc4 f6 19. Qxa7 Nc6 20. Nxc6 Qxc6 21.
Qa8# 1-0

[Event "loinburger"]
[Site "http://www.queenalice.com/game.php?id=244190"]
[Date "2007.7.23"]
[Round "4"]
[White "jamesc"]
[Black "punkbass"]
[Result "1/2-1/2"]
[WhiteElo "1755"]
[BlackElo "1544"]

1. e4 c5 2. Nc3 Nc6 3. f4 d6 4. f5 Nf6 5. Nf3 a6 6. Bc4 b5 7. Bd5 Nxd5 8. Nxd5
e6 9. fxe6 Bxe6 10. d3 Nb4 11. Nxb4 cxb4 12. Be3 Be7 13. O-O O-O 14. Nd4 Qb6 15.
Qd2 Bg5 16. Rf3 Qxd4 17. Rb1 Bxe3+ 18. Rxe3 Bxa2 19. c3 Qxe3+ 20. Qxe3 Bxb1 21.
cxb4 Rac8 22. Qd4 Rc1+ 23. Kf2 Rd1 24. Qxd6 Rxd3 25. Qxa6 Rd2+ 26. Kf3 Rxb2 27.
Qxb5 Rb3+ 28. Kf4 h6 29. h4 Rd8 30. Qc4 Rb2 31. g4 Rb8 32. h5 R2xb4 33. Qc5
Rxe4+ 34. Kg3 Rbe8 35. g5 R4e5 36. Qc1 Rxg5+ 37. Kf4 Re4+ 38. Kf3 Rb4 39. Qe1
Rb3+ 40. Kf4 Rxh5 41. Qd1 Rb4+ 42. Kg3 f5 43. Qxh5 Rg4+ 44. Kf3 Rg5 45. Qh2 Be4+
46. Ke3 h5 47. Qh4 Rg2 48. Qxh5 g6 49. Qh4 Kg7 50. Qe7+ Kg8 51. Qe8+ Kh7 52.
Qe7+ 1/2-1/2

[Event "CFC 2nd Annual"]
[Site "http://www.queenalice.com/game.php?id=254494"]
[Date "2007.8.12"]
[Round "1"]
[White "Mehmed100"]
[Black "punkbass"]
[Result "1-0"]
[WhiteElo "1500"]
[BlackElo "1596"]

1. e4 c5 2. Nf3 e6 3. Nc3 a6 4. g3 Nc6 5. d3 Nf6 6. Bg2 Bd6 7. Qe2 O-O 8. e5 Nd4
9. Nxd4 cxd4 10. exf6 dxc3 11. fxg7 Re8 12. O-O Qf6 13. bxc3 Qxc3 14. Rb1 Rb8
15. Bb2 Qa5 16. f4 Qc5+ 17. Kh1 b5 18. f5 Bb7 19. Bxb7 Rxb7 20. f6 Rc8 21. c3
Qd5+ 22. Qf3 Rc5 23. Qxd5 Rxd5 24. Rf3 Be5 25. d4 Bd6 26. g4 Rg5 27. h3 Rc7 28.
Bc1 Rg6 29. a4 Rb7 30. g5 Rb8 31. axb5 axb5 32. h4 h5 33. c4 b4 34. Rfb3 Kh7 35.
c5 Bc7 36. Rxb4 Rxb4 37. Rxb4 Bg3 38. d5 exd5 39. Bb2 Bf2 40. Rb8 Bxh4 41. Rh8#
1-0

[Event "Challenge"]
[Site "http://www.queenalice.com/game.php?id=256418"]
[Date "2007.8.16"]
[Round "-"]
[White "rdaigle2003"]
[Black "punkbass"]
[Result "0-1"]
[WhiteElo "1373"]
[BlackElo "1596"]

1. Nc3 d5 2. Nf3 c5 3. e4 d4 4. Nd5 Bg4 5. Bb5+ Nc6 6. d3 e6 7. Bxc6+ bxc6 8. h3
Bxf3 9. Qxf3 cxd5 10. exd5 Qxd5 11. c4 dxc3 12. Qxd5 exd5 13. bxc3 Nf6 14. O-O
Be7 15. Re1 Rb8 16. Ba3 Kd7 17. d4 Rhc8 18. Rac1 Bd6 19. dxc5 Bxc5 20. Bxc5 Rxc5
21. a4 Rbc8 22. g4 Rxc3 23. Rxc3 Rxc3 24. Kg2 Ra3 25. Rb1 Rxa4 26. Rb7+ Ke6 27.
g5 Ne4 28. f4 d4 29. Kf3 d3 30. g6 hxg6 31. Rb8 Rd4 32. Re8+ Kf5 33. Re7 d2 34.
Rxf7+ Ke6 35. Rxa7 d1=Q+ 36. Ke3 Qd3# 0-1

[Event "AUTO-INT-587"]
[Site "http://www.queenalice.com/game.php?id=260542"]
[Date "2007.8.24"]
[Round "1"]
[White "lesangesleader"]
[Black "punkbass"]
[Result "0-1"]
[WhiteElo "1723"]
[BlackElo "1552"]

1. Nf3 d5 2. d4 Bg4 3. c4 e6 4. Nc3 Bb4 5. cxd5 exd5 6. a3 Ba5 7. b4 Bb6 8. Bf4
Nf6 9. Bg5 O-O 10. Bxf6 Qxf6 11. Nxd5 Qd6 12. Nxb6 Qxb6 13. e3 Re8 14. Be2 Nc6
15. O-O Re6 16. Qd3 Rg6 17. Nh4 Bxe2 18. Qxe2 Rh6 19. Nf3 Re8 20. Rfc1 Ne7 21.
Ne5 Qd6 22. h3 c6 23. Qf3 Rf6 24. Qe2 Nd5 25. Qd3 Nc7 26. Nc4 Qd5 27. Nd2 Rg6
28. e4 Qg5 29. Nf3 Qxg2# 0-1

[Event "AUTO-INT-587"]
[Site "http://www.queenalice.com/game.php?id=260543"]
[Date "2007.8.24"]
[Round "1"]
[White "punkbass"]
[Black "lesangesleader"]
[Result "1-0"]
[WhiteElo "1575"]
[BlackElo "1700"]

1. d4 d5 2. c4 Nf6 3. Bg5 Nbd7 4. e3 e6 5. c5 c6 6. Bd3 Be7 7. f3 h6 8. Bf4 Nh5
9. Ne2 Nxf4 10. Nxf4 O-O 11. Nd2 b6 12. b4 b5 13. O-O Bb7 14. Nb3 e5 15. Nh5 Bc8
16. Na5 Qc7 17. Qc2 Nf6 18. Ng3 Re8 19. Rae1 Bf8 20. Re2 e4 21. fxe4 dxe4 22.
Nxe4 Nd5 23. Ref2 f6 24. Rf3 Nxb4 25. Qb3+ Nd5 26. Nxf6+ gxf6 27. e4 1-0

[Event "AUTO-INT-587"]
[Site "http://www.queenalice.com/game.php?id=260556"]
[Date "2007.8.24"]
[Round "1"]
[White "punkbass"]
[Black "mateus_amorim"]
[Result "1-0"]
[WhiteElo "1603"]
[BlackElo "1714"]

1. d4 d5 2. c4 c6 3. Nc3 g6 4. Bg5 Bg7 5. e3 Nf6 6. Nf3 O-O 7. Bd3 Nbd7 8. O-O
Re8 9. c5 b6 10. b4 e5 11. Re1 e4 12. Bxe4 dxe4 13. Nd2 Re6 14. Ndxe4 Rxe4 15.
Nxe4 Qe8 16. Nd6 Qe6 17. a4 Ba6 18. Qf3 Rb8 19. Qxc6 Qd5 20. b5 Qxc6 21. bxc6
Nxc5 22. dxc5 bxc5 23. Rac1 Rd8 24. Nb5 Rd5 25. Bf4 1-0

[Event "AUTO-INT-587"]
[Site "http://www.queenalice.com/game.php?id=260557"]
[Date "2007.8.24"]
[Round "1"]
[White "mateus_amorim"]
[Black "punkbass"]
[Result "1-0"]
[WhiteElo "1635"]
[BlackElo "1637"]

1. d4 Nf6 2. g3 Nc6 3. Nf3 g6 4. Bg2 Bg7 5. O-O O-O 6. c3 d6 7. Bd2 Bf5 8. Qc1
Re8 9. Bh6 Bh8 10. Nbd2 e5 11. dxe5 Nxe5 12. Nxe5 Rxe5 13. Nc4 Rxe2 14. Ne3 Ne4
15. Bf3 Rd2 16. Nxf5 Rd5 17. Bxe4 Re5 18. Bg5 Qd7 19. Nh6+ Kf8 20. Bxb7 Rae8 21.
Bf4 Rh5 22. Bf3 Rb5 23. Ng4 Reb8 24. Bh6+ Kg8 25. Qf4 Rf5 26. Qe3 Re8 27. Qd2
Rxf3 28. h3 Qf5 29. Nh2 Rd3 30. Qf4 Qxh3 31. Bg5 Qd7 32. Rad1 Rxd1 33. Rxd1 Re5
34. Qd2 Qb5 35. b4 Rxg5 36. Nf3 Rh5 37. Qe3 Qc6 38. Re1 Bxc3 39. Rc1 Rf5 40. Nh4
Rh5 41. Rxc3 Qd5 42. Rxc7 Re5 43. Qc3 Qe6 44. Kg2 f6 45. Rxa7 Re1 46. Ra8+ Kg7
47. Qc7+ Kh6 48. Rh8 Qe4+ 49. Nf3 Kh5 50. Qxh7+ 1-0

[Event "AUTO-INT-587"]
[Site "http://www.queenalice.com/game.php?id=260558"]
[Date "2007.8.24"]
[Round "1"]
[White "punkbass"]
[Black "rafaeldias"]
[Result "0-1"]
[WhiteElo "1623"]
[BlackElo "1528"]

1. d4 Nf6 2. c4 d5 3. Bg5 c5 4. e3 Ne4 5. Bf4 Qa5+ 6. Nd2 g5 7. f3 Nxd2 8. Bxb8
Nxc4+ 9. Kf2 Nxb2 10. Qb3 Qd2+ 11. Ne2 Rxb8 12. Qxd5 Nd1+ 13. Kg1 Nxe3 14. Qe5
Nc2 15. Rb1 f6 16. Qxb8 Qe3# 0-1

[Event "AUTO-INT-587"]
[Site "http://www.queenalice.com/game.php?id=260559"]
[Date "2007.8.24"]
[Round "1"]
[White "rafaeldias"]
[Black "punkbass"]
[Result "0-1"]
[WhiteElo "1566"]
[BlackElo "1623"]

1. e4 c5 2. Nf3 e6 3. e5 Nc6 4. Be2 Nge7 5. O-O Nf5 6. Nc3 Be7 7. g3 O-O 8. b3
Qc7 9. Nb5 Qb8 10. c4 Nxe5 11. Nxe5 Qxe5 12. Ba3 a6 13. f4 Qf6 14. Nc7 Rb8 15.
g4 Nh4 16. Qb1 Bd6 17. Bb2 Qh6 18. g5 Qg6 19. Be5 Bxe5 20. fxe5 Qxg5+ 21. Kf2
Qxe5 22. Rg1 Qxh2+ 23. Ke3 Qxc7 24. Rh1 Qg3+ 25. Ke4 b5 26. Rg1 Bb7# 0-1

[Event "A-O SE invitionl"]
[Site "http://www.queenalice.com/game.php?id=323235"]
[Date "2007.12.20"]
[Round "1"]
[White "punkbass"]
[Black "jamesc"]
[Result "0-1"]
[WhiteElo "1625"]
[BlackElo "1784"]

1. d4 Nf6 2. c4 g6 3. Nc3 Bg7 4. e4 d6 5. Bg5 c6 6. Qd2 Be6 7. Bh6 Bxh6 8. Qxh6
Na6 9. Bd3 Qb6 10. d5 Qxb2 11. Qc1 Qxc1+ 12. Rxc1 Nc5 13. Bc2 cxd5 14. cxd5 Bd7
15. Nf3 b5 16. Ne2 Nfxe4 17. Ned4 Nf6 18. O-O Nxd5 19. Be4 e6 20. Rb1 Nxe4 0-1

[Event "A-O SE invitionl"]
[Site "http://www.queenalice.com/game.php?id=369189"]
[Date "2008.3.11"]
[Round "2"]
[White "Ginormous"]
[Black "punkbass"]
[Result "0-1"]
[WhiteElo "1360"]
[BlackElo "1648"]

1. e4 c5 2. Nc3 d6 3. Nge2 Nc6 4. d4 Nf6 5. Qd3 b6 6. Be3 Bb7 7. d5 Ne5 8. Qb5+
Nfd7 9. Bf4 a6 10. Qa4 b5 11. Nxb5 axb5 12. Qxb5 Ba6 13. Qb3 Qa5+ 14. Bd2 Qc7
15. Qa4 g6 16. f4 Nc4 17. Bc3 Nb6 18. Qc6 Qxc6 19. dxc6 Nf6 20. e5 Nfd5 21. exd6
Nxc3 22. d7+ Kd8 23. Nxc3 Bh6 24. g3 Kc7 25. Bg2 Nc4 26. b3 Ne3 27. Kf2 Nxc2 28.
Rac1 Nb4 29. Rcd1 Bg7 30. Nd5+ Nxd5 31. Rxd5 Bb5 32. a4 Bxc6 33. Rxc5 Bd4+ 34.
Ke2 Bxc5 35. Rc1 Bxg2 36. Rxc5+ Kd6 0-1